Variable compleja con aplicaciones

Збережено в:
Бібліографічні деталі
Автор: Wunsch, A. David (Автор)
Формат: Книга
Мова:Іспанська
Опубліковано: Wilmington Addison-Wesley Iberoamericana 1997
Редагування:2a. ed
Предмети:
Теги: Додати тег
Немає тегів, Будьте першим, хто поставить тег для цього запису!

MARC

LEADER 00000nam a2200000 a 4500
001 UCO3035
003 CL-VaPUC
008 000610e19970000US |||||||||||||||||spa|d
020 |a 0201653621 
082 0 4 |a 515.9  |b WUN  |2 21 
100 0 |a Wunsch, A. David  |e author  |9 446858 
245 1 0 |a Variable compleja con aplicaciones 
250 |a 2a. ed 
300 |a 660 p 
942 |c BK 
945 |d 20000610 00:00:00  |a vberengu 
260 |a Wilmington  |b Addison-Wesley Iberoamericana  |c 1997 
650 0 |a Funciones exponenciales   |9 360716 
650 0 |a Números complejos  |9 270335 
650 7 |a RESIDUOS NUMERICOS  |2 CL-VaPUC  |9 446859 
650 0 |a Series infinitas  |9 270114 
650 0 |a Transformada de Fourier  |9 425331 
650 0 |a Transformada de Laplace  |9 422308 
650 0 |a Variables complejas  |9 581247 
583 |a last modification  |c 20000610 00:00:00  |k Rodrigo Vera 
999 |c 289513  |d 289511 
952 |0 0  |1 0  |4 0  |6 515_900000000000000_WUN_1997  |7 0  |8 A  |9 337962  |a BIBMAT  |b BIBMAT  |d 2019-11-20  |i 3628078  |o 515.9 WUN 1997  |p 3628078  |r 2025-01-07  |w 2019-11-20  |y BK  |k MAT 
952 |0 0  |1 0  |4 0  |6 515_900000000000000_WUN_1997  |7 0  |8 A  |9 337963  |a BIBMAT  |b BIBMAT  |d 2019-11-20  |i 3737837  |o 515.9 WUN 1997  |p 3737837  |r 2025-01-07  |w 2019-11-20  |y BK  |k MAT 
952 |0 0  |1 0  |4 0  |6 515_900000000000000_WUN_1997  |7 0  |8 A  |9 337964  |a BIBMAT  |b BIBMAT  |d 2019-11-20  |i 3737845  |o 515.9 WUN 1997  |p 3737845  |r 2025-01-07  |w 2019-11-20  |y BK  |k MAT 
952 |0 0  |1 0  |4 0  |6 515_900000000000000_WUN_1997  |7 0  |8 A  |9 337965  |a BIBMAT  |b BIBMAT  |d 2019-11-20  |i 378455K  |o 515.9 WUN 1997  |p 378455K  |r 2025-01-07  |w 2019-11-20  |y BK  |k MAT 
952 |0 0  |1 0  |4 0  |6 515_900000000000000_WUN_1997  |7 0  |8 A  |9 337966  |a BIBMAT  |b BIBMAT  |d 2019-11-20  |i 3847543  |l 1  |o 515.9 WUN 1997  |p 3847543  |r 2025-01-07  |s 2022-08-18  |w 2019-11-20  |y BK  |k MAT 
952 |0 0  |1 0  |4 0  |6 515_900000000000000_WUN_1997  |7 0  |8 A  |9 337967  |a BIBMAT  |b BIBMAT  |d 2019-11-20  |i 3847551  |o 515.9 WUN 1997  |p 3847551  |r 2025-01-07  |w 2019-11-20  |y BK  |k MAT 
952 |0 0  |1 0  |4 0  |6 515_900000000000000_WUN_1997  |7 0  |8 A  |9 337968  |a BIBMAT  |b BIBMAT  |d 2019-11-20  |i 384756K  |o 515.9 WUN 1997  |p 384756K  |r 2025-01-07  |w 2019-11-20  |y BK  |k MAT 
952 |0 0  |1 0  |4 0  |6 515_900000000000000_WUN_1997  |7 0  |8 A  |9 337969  |a BIBMAT  |b BIBMAT  |d 2019-11-20  |i 4005066  |o 515.9 WUN 1997  |p 4005066  |r 2025-01-07  |w 2019-11-20  |y BK  |k MAT 
952 |0 0  |1 0  |4 0  |6 515_900000000000000_WUN_1997  |7 0  |8 A  |9 337970  |a BIBMAT  |b BIBMAT  |d 2019-11-20  |i 4085620  |o 515.9 WUN 1997  |p 4085620  |r 2025-01-07  |w 2019-11-20  |y BK  |k MAT